000 00276nam a22001337a 4500
008 170220b xxu||||| |||| 00| 0 eng d
020 _a000958919
041 _aeng
080 _24TH
_a61
100 _a4
101 _aSHM
245 _aMED-MATH
_cBUCHHOLZ, S
942 _2udc
_cBK
999 _c5871
_d5871